|
|
|
|
| LEADER |
00993nam a22002895i 4500 |
| 001 |
28564 |
| 003 |
BD-DhAAL |
| 005 |
20141204120628.0 |
| 008 |
141204r20132013cau 000 0 eng |
| 020 |
|
|
|a 9788131524732
|
| 020 |
|
|
|a 8131524736
|
| 040 |
|
|
|a DLC
|b eng
|e rda
|c DLC
|d BD-DhAAL
|
| 042 |
|
|
|a pcc
|
| 082 |
|
|
|2 20
|a 333.72
|
| 100 |
1 |
|
|a Miller, G. Tyler.
|9 6545
|
| 245 |
1 |
0 |
|a Environmental science /
|c G. Tyler Miller, Scott E. Spoolman.
|
| 250 |
|
|
|a 14th edition.
|
| 260 |
|
|
|a Andover :
|b Cengage Learning,
|c c2013 [reprinted 2013]
|
| 300 |
|
|
|a various pagings;
|c 23 cm
|
| 541 |
|
|
|e 28564
|
| 650 |
|
0 |
|a Environmental sciences
|9 6546
|
| 650 |
|
0 |
|a Human ecology
|9 5681
|
| 650 |
|
0 |
|a Environmental protection
|9 6547
|
| 700 |
1 |
|
|a Spoolman, Scott E.
|9 6548
|
| 942 |
|
|
|2 ddc
|c BK
|
| 999 |
|
|
|c 33216
|d 33216
|
| 952 |
|
|
|0 0
|1 0
|2 ddc
|4 0
|6 333_720000000000000_MIL
|7 0
|9 44335
|a BRACUL
|b BRACUL
|c GEN
|d 2014-12-04
|e Trim Education
|g 810.00
|l 14
|m 171
|o 333.72 MIL
|p 3010028564
|r 2024-10-29
|s 2024-06-04
|t 1
|w 2014-12-04
|y BK
|